Statistics for Grishaverse Characters

Click here to take the quiz!

General Stats

  • This quiz has been taken 195 times
  • The average score is 40 of 176

Answer Stats

Characters% Correct
Alina Starkov
100%
Inej Ghafa
98%
Jesper Fahey
98%
Kaz Brekker
98%
The Darkling
98%
Nina Zenik
96%
Malyen Oretsev
95%
Nikolai Lanstov
95%
Zoya Nazyalensky
95%
Genya Safin
94%
Matthias Helvar
94%
Wylan Van Eck
93%
David Kostyk
85%
Pekka Rollins
79%
Tamar Kir Bataar
79%
Baba Olya
78%
Tolya Yul Bataar
77%
Baghra
76%
Jan Van Eck
73%
Nadia Zhabin
69%
Kuwei Yul Bo
67%
Marie
62%
Bo Yul Bayur
59%
Hanne Brum
54%
Alys Van Eck
53%
Jarl Brum
53%
Heleen Van Houden
51%
Jordan Rietveld
51%
Colm Fahey
49%
Adrik Zhabin
48%
Vasily Lanstov
46%
Ilya Morozova
44%
Ivan
44%
Joost Van Poel
39%
Ana Kuya
37%
Oomen
37%
The Apparat
37%
Marya Hendriks
36%
Per Haskell
35%
Fedyor Kaminsky
34%
Sergei Beznikov
32%
Harshaw
31%
Yuri
31%
Big Bolliger
30%
Rotty
29%
Aditi Hilli
28%
Leoni
28%
Sankta Marya
27%
Ehri Kir Taban
25%
Juris
25%
Specht
25%
Emil Retvenko
23%
Tatiana Lanstov
23%
Cornelis Smeet
22%
Dunyasha Lazareva
22%
Alby Rollins
21%
Anika
21%
Anya
21%
Isaak
21%
Elizaveta
20%
Ylva Brum
20%
Botkin Yul Erdene
19%
Count Kirigin
19%
Sturmhond
19%
Dubrov
17%
Milo
17%
Magnus Opjer
16%
Mayu Kir Kaat
16%
Misha
16%
Muzzen
16%
Geels
15%
Vladim Ozwal
15%
Hanna Smeet
14%
Hoede
14%
Makhi Kir Taban
14%
Karl Dryden
13%
Grigori
12%
Joran
12%
Onkle Felix
12%
Pim
12%
Sankt Felix
12%
Dirix
11%
Keeg
11%
Mikhael
11%
Adem Bajan
10%
Danil Markov
10%
Filip
10%
Ruby
10%
Eamon
9%
Mikka
9%
Raske
9%
Roeder
9%
Anastas Lanstov
8%
Beatle
8%
Betje
8%
Dima
8%
Dominik
8%
Doughty
8%
Elzinger
8%
Eroll Aerts
8%
Jellen Radmakker
8%
Linnea Opjer
8%
Paja
8%
Sabina Garin
8%
Stigg
8%
Eva
7%
Maxim
7%
Gerrigan
6%
Gorka
6%
Liliyana Garin
6%
Prior
6%
Reyem Yul Kaat
6%
Sankt Vladimir
6%
Varian
6%
Bert Van Daal
5%
Elise
5%
Hanzi
5%
Hiram Schenck
5%
Irina
5%
Ivo
5%
Jhem Kir Taban
5%
Kheru Kir Taban
5%
Leyti Kir Taban
5%
Ludmilla Lanstov
5%
Naten Boreg
5%
Nestor
5%
Privyet
5%
Red Felix
5%
Rojakke
5%
Sankta Anastasia
5%
Sankt Petyr
5%
Shay
5%
Swann
5%
Bergin
4%
Clara Zelverhaus
4%
Gert Van Verent
4%
Imogen
4%
Kyril Mirov
4%
Natasha Beritrova
4%
Sankt Demyan
4%
Saskia
4%
Althea Zelverhaus
3%
Anton Kozar
3%
Belka
3%
Birgitta Schenck
3%
Brother Chernov
3%
Karina Stoyanova
3%
Magda
3%
Mitkin
3%
Sankta Neyar
3%
Sankt Egmond
3%
Sankt Lukin
3%
Willem Holst
3%
Adjala
2%
Akeni Kir Taban
2%
Baba Anezka
2%
Brother Azarov
2%
Duke Radimov
2%
Eskil
2%
Sankta Vasilka
2%
Sankt Emerens
2%
Sankt Kho
2%
Sankt Lubov
2%
Sankt Valentin
2%
Suhm Nabri
2%
Sylvi
2%
Ziva Mezle
2%
Miggison
1%
Sankta Yerin
1%
Semyon
1%
Yenye Kir Taban
1%
Yaromir Lanstov
0%
Yevgeni Lanstov
0%

Score Distribution

Percentile by Number Answered

Percent of People with Each Score

Your Score History

You have not taken this quiz